000 00333 a2200133 4500
000 nam a22 7a 4500
100 _aDalal, A S
110 _aDalal, A S
245 _aLegal Research Methods In India
250 _aLatest edition
260 _bThe Bright Law House
_c2015
264 _bThe Bright Law House
_c2015
942 _cBK
999 _c396133
_d396133